000 00338 a2200145 4500
001 149314
040 _cEscola São Tomás de Aquino
100 _aBENTON, Jim
240 1 0 _aQuerido diário otário
_lpor
245 1 0 _aQuerido diário otário
300 _a146
362 0 _a2010
697 _a*LITERATURA INFANTO JUVENIL
942 _cBK
999 _c149314
_d149314